| 000 | 01234nam a2200229Ia 4500 | ||
|---|---|---|---|
| 999 |
_c41242 _d41242 |
||
| 001 | 7894 | ||
| 003 | GE_BSU | ||
| 005 | 20200115124626.0 | ||
| 008 | 181216s2013||||ge |||||||||||||| ||geo|| | ||
| 020 | _a9789941051579 | ||
| 040 | _cGE_BSU | ||
| 041 | _ageo | ||
| 080 | _a328.185(479.224)+94(479.224) ს–37 | ||
| 100 |
_aსაჯაია, სერგი(გიორგი) _96123 |
||
| 245 |
_aშეთქმულ თვრამეტიანელთა თაღლითობები აფხაზეთის ა/რ-ის უმაღლეს საბჭოში / _bნაწ. 3 : შეთქმულთა თაღლითობანი აფხაზეთის ა/რ-ის უმაღლეს საბჭოში. _c სერგი (გიორგი) საჯაია ; [რედ. ნანა ბლიაძე]. |
||
| 264 |
_aთბილისი, _c2012-2013 ოქტომბერი–თებერვალი |
||
| 300 |
_a250 გვ.; _b20 მ. |
||
| 653 | _aაფხაზეთის უმაღლესი საბჭო | ||
| 653 | _aკორუფცია | ||
| 700 |
_aბლიაძე, ნანა _eრედაქტორი _96038 |
||
| 942 |
_cBK _2udc |
||